|
|
|
|
| LEADER |
01119cam a2200265 7i4500 |
| 001 |
0000024693 |
| 005 |
20100625090000.0 |
| 090 |
0 |
0 |
|a M 621.12
|b CON
|
| 245 |
0 |
0 |
|a Consumer electronics in Malaysia :
|b April 2009.
|
| 260 |
0 |
0 |
|a London:
|b Euromonitor International,
|c 2009.
|
| 300 |
# |
# |
|a [v.p].
|
| 440 |
0 |
0 |
|a Country market insight : April 2009
|
| 650 |
0 |
0 |
|a Consumer electronics --
|x Markets --
|z Malaysia
|
| 650 |
0 |
0 |
|a Televisions and projectors --
|x Markets --
|z Malaysia
|
| 650 |
0 |
0 |
|a Home audio and cinema --
|x Markets --
|z Malaysia
|
| 650 |
0 |
0 |
|a Cameras --
|x Markets --
|z Malaysia
|
| 650 |
0 |
0 |
|a Camcorders --
|x Markets --
|z Malaysia
|
| 650 |
0 |
0 |
|a Portable media players --
|x Markets --
|z Malaysia
|
| 650 |
0 |
0 |
|a Mobile phone --
|x Markets --
|z Malaysia
|
| 650 |
0 |
0 |
|a In-car consumer electronics (aftermarket) --
|x Markets --
|z Malaysia
|
| 650 |
0 |
0 |
|a Computers --
|x Markets --
|z Malaysia
|
| 650 |
0 |
0 |
|a Vcrs and DVD players --
|x Markets --
|z Malaysia
|
| 651 |
0 |
0 |
|a Malaysia
|
| 999 |
|
|
|a B000026947
|b Book
|c Countries
|e Business Information Centre
|
| 999 |
|
|
|a 0000026947
|b Book
|c Malaysia
|e Business Information Centre
|